Crecimiento y crisis del capitalismo español / (Record no. 114830)

MARC details
000 -LEADER
campo de control de longitud fija 00828nam a2200241 i 4500
001 - NÚMERO DE CONTROL
campo de control 114830
003 - IDENTIFICADOR DE NÚMERO DE CONTROL
campo de control ES-MaACL
005 - FECHA Y HORA DE LA ÚLTIMA TRANSACCIÓN
campo de control 20230906190248.0
007 - CAMPO FIJO DE DESCRIPCIÓN FÍSICA--INFORMACIÓN GENERAL
campo de control de longitud fija t|
008 - DATOS DE LONGITUD FIJA--INFORMACIÓN GENERAL
campo de control de longitud fija 070402s1968 sp |||| | spa d
080 ## - NÚMERO DE LA CLASIFICACIÓN DECIMAL UNIVERSAL
Número de la Clasificación Decimal Universal 338.984.3(46)"1963/67"
080 ## - NÚMERO DE LA CLASIFICACIÓN DECIMAL UNIVERSAL
Número de la Clasificación Decimal Universal 338.98(46)"1961/70"
080 ## - NÚMERO DE LA CLASIFICACIÓN DECIMAL UNIVERSAL
Número de la Clasificación Decimal Universal 338(46)"1961/70"
100 1# - ENTRADA PRINCIPAL--NOMBRE DE PERSONA
Nombre de persona López Muñoz, Arturo.
9 (RLIN) 73813
245 10 - MENCIÓN DEL TÍTULO
Título Crecimiento y crisis del capitalismo español /
Mención de responsabilidad, etc. Arturo López Muñoz, José Luis García Delgado.
260 ## - PUBLICACIÓN, DISTRIBUCIÓN, ETC.
Lugar de publicación, distribución, etc. Madrid :
Nombre del editor, distribuidor, etc. Cuadernos para el Diálogo,
Fecha de publicación, distribución, etc. 1968.
300 ## - DESCRIPCIÓN FÍSICA
Extensión 222 p., 5 gráf. pleg. ;
Dimensiones 18 cm.
650 #4 - PUNTO DE ACCESO ADICIONAL DE MATERIA--TÉRMINO DE MATERIA
Término de materia o nombre geográfico como elemento de entrada Capitalismo-
Subdivisión geográfica España.
9 (RLIN) 10763
651 #4 - PUNTO DE ACCESO ADICIONAL DE MATERIA--NOMBRE GEOGRÁFICO
Nombre geográfico España-
Subdivisión general Situación económica-
Subdivisión cronológica 1955-1975.
9 (RLIN) 171815
700 1# - ENTRADA AGREGADA--NOMBRE PERSONAL
Nombre de persona García Delgado, José Luis.
9 (RLIN) 54528
710 2# - ENTRADA AGREGADA--NOMBRE DE ENTIDAD CORPORATIVA
Nombre de entidad corporativa o nombre de jurisdicción como elemento de entrada Cuadernos para el Diálogo.
9 (RLIN) 3333
852 ## - LOCALIZACIÓN
Ubicación ES-MaACL
Número de control de estantería C-34483
Holdings
Estatus retirado Estado de pérdida Estado de daño No para préstamo Biblioteca de origen Biblioteca actual Ubicación en estantería Fecha de adquisición Fuente de adquisición Total de préstamos Signatura topográfica completa Código de barras Visto por última vez Precio de reemplazo Tipo de ítem Koha
        Biblioteca del Ateneo de Madrid Biblioteca del Ateneo de Madrid Depósito 2 17/01/2008     C-34483 1119745 23/02/2023 23/02/2023 Libro impreso